Music Quiz

Random Music or Artist Quiz

Top 40 Biggest Selling Singles Of 2014 Quiz Stats

Quiz not verified by Sporcle

Challenge
Share
Tweet
Embed
Score 0/40 Timer 10:00
0 Plays Today
Artist Answer % Correct
Pharrell WilliamsHappy
96.2%
AviciiHey Brother
65.8%
Katy PerryRoar
64.6%
John LegendAll Of Me
63.3%
LordeRoyals
62%
Katy PerryDark Horse
60.8%
Clean BanditRather Be
59.5%
Ellie GouldingBurn
59.5%
Idina MenzelLet It Go
58.2%
PitbullTimber
57%
AviciiWake Me Up
57%
OneRepublicCounting Stars
54.4%
BeyonceDrunk In Love
50.6%
A Great Big WorldSay Something
50.6%
Martin GarrixAnimals
46.8%
Imagine DragonsDemons
46.8%
BeyonceXo
39.2%
Jason DeRuloTrumpets
38%
Sam SmithMoney On My Mind
35.4%
American AuthorsBest Day Of My Life
35.4%
Artist Answer % Correct
Vance JoyRiptide
32.9%
EminemMonster
32.9%
ZeddStay The Night
31.6%
ShakiraCan't Remember To Forget You
30.4%
Route 94My Love
27.8%
Neon JungleBraveheart
25.3%
TiestoRed Lights
24.1%
Elle GouldingHow Long Will I Love You
22.8%
BastilleOf The Night
22.8%
Katy BCrying For No Reason
21.5%
Duke DumontI Got You
21.5%
The VampsWild Heart
17.7%
Will.i.amFeelin Myself
16.5%
Gorgon CityReady For Your Love
16.5%
OneRepublicIf I Lose Myself
16.5%
Fuse ODGMillion Pound Girl
15.2%
DJ FreshDibby Dibby Sound
12.7%
David GuettaShot Me Down
12.7%
DVBBSTsunami
12.7%
Matrix&FutureboundControl
10.1%

You're not logged in!

Compare scores with friends on all Sporcle quizzes.
Sign Up with Email
OR
Log In

You Might Also Like...

Show Comments

Extras

Top Quizzes Today


Score Distribution

Your Account Isn't Verified!

In order to create a playlist on Sporcle, you need to verify the email address you used during registration. Go to your Sporcle Settings to finish the process.